| 000 | 00713cab a2200229 4500 | ||
|---|---|---|---|
| 001 | WB3439-24 | ||
| 008 | 090401t1998 xxu||||| |||| 00| 0 eng d | ||
| 035 | _a(Sirsi) u88967 | ||
| 041 | _aeng | ||
| 245 | _aIndustry `internet` planned | ||
| 260 | _c1998 | ||
| 350 | _a0 | ||
| 490 |
_aBuilding _v263(8059) 9 October 1998, 3(1) |
||
| 520 | _aBovis is hoping to set up a computer network for the construction industry, which would provide electronic exchange for all. | ||
| 650 | _aBOVIS EUROPE | ||
| 650 | _aCONSTRUCTION COMPUTER NETWORK | ||
| 650 | _aELECTRONIC EXCHANGE | ||
| 650 | _aINTERNET | ||
| 690 | _aMANAGEMENT-BUSINESS MANAGEMENT-INFORMATION MANAGEMENT | ||
| 942 | _n0 | ||
| 948 | _c14/10/1998 | ||
| 999 |
_c56251 _d56251 |
||